| 000 | 00576nam a2200157 i 4500 | ||
|---|---|---|---|
| 001 | 20850 | ||
| 003 | ES-MaACL | ||
| 005 | 20230906152356.0 | ||
| 007 | t| | ||
| 008 | 021119s1962 sp ||||1| spa d | ||
| 100 | 1 |
_aAlamillo Salgado, Ildefonso. _919101 |
|
| 245 | 1 | 0 |
_aMemoria elevada al Gobierno Nacional en la solemne apertura de los Tribunales el día 15 de septiembre de 1957 / _cpor el fiscal del Tribunal Supremo Ildefonso Alamillo Salgado. |
| 260 |
_aMadrid : _bReus, _c1962. |
||
| 300 |
_a157 p. : _b13 gráf. pleg. ; _c23 cm. |
||
| 852 |
_aES-MaACL _jC-23805 _bR.52465 |
||
| 999 |
_c20850 _d20850 |
||